000 00354nam a22001451a 4500
999 _c167189
_d167189
082 _a294.3822
_bDUR/E
100 _aDurga N Bhagvat
245 _aEarly buddhist jurisprudence/
_cby Durga N Bhagvat.
260 _aNew Delhi:
_bCosmo,
_c
300 _a204p.
650 _aVinaya Laws Buddhism
650 _aReligion
650 _aBuddhism
942 _cBK